000 00437nam a2200181Ia 4500
001 5099
005 20260306145843.0
008 260306t1990||||xx |||||||||||||| ||spa||
041 _aESP
082 _a332.985
_bB25
100 _aBarreto, Emilio G.
_eAUT
245 0 _aCrisis de la economía peruana 1980 - 1983
260 _c1990
300 _a215 páginas :
_c21 cm.
650 _aGEN
654 _aCAN
942 _cLIB
_dJUS
_fJUS
_2ddc
_n
999 _c5099
_d5099